[Event "XXV C.to Italiano a squadre A"]
[Site "ITA"]
[Date "1993.??.??"]
[Round "3"]
[White "Serpi, Andrea"]
[Black "Racioppo, Paolo"]
[Result "0-1"]
[WhiteElo "2163"]
[BlackElo "2114"]
[PlyCount "146"]
[EventDate "1993.01.31"]

1. e4 e5 2. Nf3 Nc6 3. Bb5 a6 4. Ba4 Nf6 5. O-O Be7 6. Bxc6 dxc6 7. d3 Qd6 8.
Nbd2 Be6 9. b3 Nd7 10. Bb2 c5 11. a4 g5 12. Qe2 g4 13. Ne1 h5 14. c3 O-O-O 15.
d4 Nf8 16. d5 Bd7 17. Nc4 Qf6 18. Nxe5 Qxe5 19. c4 Qg5 20. Bxh8 Ng6 21. Bb2 Bd6
22. Nd3 Re8 23. Rae1 Qh4 24. g3 Qh3 25. e5 Bf5 26. f4 Bxd3 27. Qxd3 Nh4 28. Qd2
Nf3+ 29. Rxf3 gxf3 30. Qf2 h4 31. Qxf3 hxg3 32. hxg3 Rg8 33. Kf2 Be7 34. Rg1
Qf5 35. Qe2 Bh4 36. Bc1 Qg6 37. Qe3 Be7 38. Bd2 Rh8 39. Rg2 Qb1 40. Rg1 Rh2+
41. Kf3 Qh7 42. Rg2 Rh1 43. Be1 Qh5+ 44. Ke4 Qd1 45. Re2 Rf1 46. Bf2 Qb1+ 47.
Qd3 Qa1 48. Kf3 Rc1 49. Qf5+ Kb8 50. Qxf7 Rc3+ 51. Kg2 Qd1 52. Re3 Rxe3 53.
Bxe3 Qe2+ 54. Bf2 Qe4+ 55. Kh2 Bd8 56. Qg8 Kc8 57. Qg4+ Kb8 58. Qg8 Kc8 59. Bg1
Qe2+ 60. Kh3 Qf1+ 61. Kh2 Qe2+ 62. Kh3 Qf1+ 63. Kg4 Qxg1 64. Qe6+ Kb8 65. Qd7
Qd1+ 66. Kf5 Qd3+ 67. Kg4 Qd1+ 68. Kf5 Qh5+ 69. Ke4 Qe2+ 70. Kf5 Qh5+ 71. Ke4
Qh1+ 72. Kf5 Qh3+ 73. Ke4 Qxd7 0-1

[Event "XXV C.to Italiano a squadre A"]
[Site "ITA"]
[Date "1993.??.??"]
[Round "3"]
[White "Stavru, Alessandro"]
[Black "Vallifuoco, Giacomo"]
[Result "0-1"]
[WhiteElo "2250"]
[BlackElo "2380"]
[PlyCount "62"]
[EventDate "1993.01.31"]

1. e4 c5 2. Nf3 e6 3. c4 Nc6 4. Nc3 Nf6 5. Be2 d5 6. cxd5 exd5 7. e5 Nd7 8. O-O
d4 9. Ne4 Be7 10. Bb5 Qb6 11. Bxc6 Qxc6 12. d3 O-O 13. b4 b6 14. Ba3 cxb4 15.
Bb2 Qd5 16. Bxd4 Ba6 17. Ng3 g6 18. Qd2 Rfe8 19. e6 fxe6 20. Rfe1 Rf8 21. Qh6
Rf7 22. h4 Nf6 23. h5 Ng4 24. Qd2 gxh5 25. Re4 Raf8 26. Rae1 Bb7 27. Ne5 Nxe5
28. Bxe5 Rxf2 29. Qh6 Rxg2+ 30. Kxg2 Qxe5 31. Nxh5 Bg5 0-1

[Event "XXV C.to Italiano a squadre A"]
[Site "ITA"]
[Date "1993.??.??"]
[Round "3"]
[White "Tirabassi, Maurizio"]
[Black "Bianco, Valerio"]
[Result "1-0"]
[WhiteElo "2340"]
[BlackElo "2235"]
[PlyCount "75"]
[EventDate "1993.01.31"]

1. c4 e5 2. Nc3 Nc6 3. g3 f5 4. Bg2 Nf6 5. e3 g6 6. Nge2 Bg7 7. O-O O-O 8. d4
e4 9. f3 exf3 10. Bxf3 b6 11. Nf4 Bb7 12. b3 Rb8 13. Bb2 Ne7 14. d5 Nc8 15. Qc2
Re8 16. Rae1 Nd6 17. Nh3 c6 18. Rd1 cxd5 19. Nxd5 Nxd5 20. Bxd5+ Bxd5 21. Rxd5
Bxb2 22. Qxb2 Qe7 23. Nf2 Nf7 24. e4 Ng5 25. exf5 Qe2 26. Qxe2 Rxe2 27. Rxd7
Rxa2 28. h4 Nf3+ 29. Kg2 Nd2 30. Re1 gxf5 31. Re2 Rb2 32. Rexd2 Rxb3 33. h5 Rc3
34. h6 Rxc4 35. Rg7+ Kf8 36. Rdd7 Rc6 37. Rxh7 Ke8 38. Rdg7 1-0

[Event "XXV C.to Italiano a squadre A"]
[Site "ITA"]
[Date "1993.??.??"]
[Round "3"]
[White "Vancini, Edoardo"]
[Black "Tan, Chengxuan"]
[Result "1/2-1/2"]
[WhiteElo "2285"]
[BlackElo "2370"]
[PlyCount "56"]
[EventDate "1993.01.31"]

1. e4 e6 2. d4 d5 3. Nd2 c5 4. exd5 exd5 5. Ngf3 Nc6 6. Bb5 Bd6 7. O-O cxd4 8.
Nb3 Nge7 9. Nfxd4 O-O 10. Bg5 Qc7 11. h3 h6 12. Be3 Ne5 13. f4 Nc4 14. Bxc4
Qxc4 15. f5 f6 16. Qg4 Kh7 17. Rad1 Rf7 18. Rd3 Bd7 19. Rc3 Qa6 20. Nc5 Bxc5
21. Rxc5 Rc8 22. Rxc8 Bxc8 23. Rf4 Qxa2 24. Qh5 Rf8 25. Rg4 Qb1+ 26. Kh2 Qe1
27. Rg3 Bd7 28. Bxh6 Qe5 1/2-1/2

[Event "XXV C.to Italiano a squadre A"]
[Site "ITA"]
[Date "1993.??.??"]
[Round "3"]
[White "Voltolini, Giuseppe"]
[Black "Contini, Luca"]
[Result "1/2-1/2"]
[WhiteElo "2325"]
[BlackElo "2320"]
[PlyCount "148"]
[EventDate "1993.01.31"]

1. e4 c5 2. Nf3 d6 3. d4 cxd4 4. Nxd4 Nf6 5. Nc3 e6 6. Be2 a6 7. O-O Be7 8. f4
Qc7 9. Be3 O-O 10. Qe1 b5 11. a3 Bb7 12. Bf3 Nbd7 13. Kh1 Rfe8 14. Nb3 d5 15.
e5 Ne4 16. Bd4 f5 17. exf6 Ndxf6 18. Nd2 Nxc3 19. Bxc3 Bd6 20. Be5 Nd7 21. Bh5
Re7 22. Nf3 Rf8 23. Qh4 Nf6 24. c3 Bc6 25. Rae1 Be8 26. Bxe8 Rexe8 27. Qf2 Ne4
28. Qd4 Bxe5 29. Nxe5 Rf5 30. g3 Ref8 31. Kg2 Rc8 32. Nf3 Qc5 33. Re3 Rf6 34.
Rd1 Qxd4 35. Rxd4 Rc4 36. Rd1 h6 37. Ne5 Rc7 38. h4 Rf5 39. Nf3 g5 40. fxg5
hxg5 41. Nxg5 Nxg5 42. hxg5 Re7 43. Rd4 Rxg5 44. a4 Kf7 45. axb5 axb5 46. Rf4+
Kg6 47. Rb4 e5 48. Rxb5 Rd7 49. Rb8 Kf7 50. b4 d4 51. Rd3 Ke7 52. Rh8 Rg7 53.
cxd4 e4 54. Rd1 Kd6 55. Rh5 Rg4 56. Rh4 Rxh4 57. gxh4 Kd5 58. Kg3 Rb7 59. h5
Rf7 60. Kg4 e3 61. h6 Ke4 62. Kg5 e2 63. Re1 Kd3 64. Kg6 Rf2 65. b5 Rg2+ 66.
Kf7 Rh2 67. Kg7 Rg2+ 68. Kh8 Kxd4 69. Rb1 Rg6 70. Kh7 Re6 71. Kg7 e1=Q 72. Rxe1
Rxe1 73. h7 Re7+ 74. Kg8 Rxh7 1/2-1/2

[Event "XXV C.to Italiano a squadre A"]
[Site "ITA"]
[Date "1993.??.??"]
[Round "3"]
[White "Wagman, Stuart"]
[Black "Sibilio, Mario"]
[Result "0-1"]
[WhiteElo "2205"]
[BlackElo "2325"]
[PlyCount "57"]
[EventDate "1993.01.31"]

1. e4 c5 2. Nf3 g6 3. d4 Bg7 4. Be2 cxd4 5. Nxd4 Nc6 6. Nb3 Nf6 7. Nc3 O-O 8.
O-O e6 9. Bg5 h6 10. Bh4 d5 11. exd5 exd5 12. Re1 g5 13. Bg3 Bf5 14. Bd3 Ne4
15. Qf3 Nxg3 16. hxg3 Bxd3 17. cxd3 Nb4 18. Red1 d4 19. Ne2 Qb6 20. g4 Nxa2 21.
Nd2 Nb4 22. Ng3 Rfe8 23. Nf5 Re6 24. Ne4 Rae8 25. Rac1 Nxd3 26. Qxd3 Rxe4 27.
Rc8 Qe6 28. Rxe8+ Qxe8 29. Kf1 0-1

[Event "XXV C.to Italiano a squadre A"]
[Site "ITA"]
[Date "1993.??.??"]
[Round "3"]
[White "Werther, Florian"]
[Black "Pozzi, Enrico"]
[Result "1-0"]
[WhiteElo "1993"]
[BlackElo "2225"]
[PlyCount "103"]
[EventDate "1993.01.31"]

1. d4 d6 2. g3 g6 3. Bg2 Bg7 4. Nf3 Nf6 5. O-O O-O 6. c4 c6 7. Nc3 Nbd7 8. e4
e5 9. b3 Re8 10. Bb2 exd4 11. Nxd4 Nc5 12. Re1 Qb6 13. Qd2 a5 14. Rab1 Bd7 15.
Ba1 Rad8 16. a3 Ne6 17. Nxe6 Bxe6 18. Na4 Qc7 19. Bd4 Nd7 20. Be3 b6 21. Nc3
Ne5 22. Na4 Rb8 23. Red1 Red8 24. f4 Ng4 25. Bd4 b5 26. Nc3 f6 27. cxb5 c5 28.
Be3 Qf7 29. b4 Nxe3 30. Qxe3 axb4 31. axb4 Bb3 32. Rd2 cxb4 33. Ne2 Bc4 34.
Rxb4 Bf8 35. Rb1 Rxb5 36. Rxb5 Bxb5 37. e5 Bc4 38. Nc3 Re8 39. Bc6 Rc8 40. Qe4
fxe5 41. Rb2 Qa7+ 42. Kg2 Qd4 43. Bd5+ Kh8 44. Bxc4 Qxc3 45. Rc2 Qa5 46. Ra2
Qc5 47. Be6 Rc7 48. f5 gxf5 49. Qxf5 Qc6+ 50. Kh3 Qe8 51. Bd5 Qd7 52. Be6 1-0

[Event "XXV C.to Italiano a squadre A"]
[Site "ITA"]
[Date "1993.??.??"]
[Round "3"]
[White "Zaninotto, Franco"]
[Black "Rivello, Roberto"]
[Result "1/2-1/2"]
[WhiteElo "2265"]
[BlackElo "2235"]
[PlyCount "70"]
[EventDate "1993.01.31"]

1. e4 c5 2. c3 d5 3. exd5 Qxd5 4. d4 Nf6 5. Nf3 Bg4 6. Be2 e6 7. O-O Nc6 8. h3
Bh5 9. Be3 cxd4 10. Nxd4 Bxe2 11. Qxe2 Nxd4 12. Bxd4 Be7 13. Rd1 Qc6 14. Nd2
O-O 15. Qc4 Rfc8 16. Qxc6 Rxc6 17. Nb3 Ne4 18. Be3 Nd6 19. Nd4 Rcc8 20. Nf3 Kf8
21. Bf4 Rd8 22. Bxd6 Rxd6 23. Rxd6 Bxd6 24. Rd1 Ke7 25. Kf1 Rd8 26. Ke2 a6 27.
c4 f6 28. b3 Bc5 29. Rxd8 Kxd8 30. Nd2 Kc7 31. Ne4 Be7 32. Kd3 Kc6 33. Nd2 Bc5
34. Ne4 Be7 35. Nd2 Bc5 1/2-1/2

[Event "XXV C.to Italiano a squadre A"]
[Site "ITA"]
[Date "1993.??.??"]
[Round "3"]
[White "Zhu, Dinglong"]
[Black "Negrini, Claudio"]
[Result "0-1"]
[WhiteElo "2320"]
[BlackElo "2108"]
[PlyCount "100"]
[EventDate "1993.01.31"]

1. e4 Nf6 2. e5 Nd5 3. d4 d6 4. g3 Bf5 5. c3 dxe5 6. dxe5 Nc6 7. Bg2 Nxe5 8.
Qxd5 Nd3+ 9. Kf1 Qxd5 10. Bxd5 O-O-O 11. Bf3 Nxc1 12. Na3 Nd3 13. Nc4 e5 14. b4
g6 15. Ne2 Be6 16. Ne3 f5 17. a4 c5 18. b5 c4 19. a5 Bc5 20. a6 b6 21. Bb7+ Kc7
22. Nd1 Rd6 23. h4 Rhd8 24. Kg2 Bd5+ 25. Bxd5 Rxd5 26. Rb1 f4 27. gxf4 exf4 28.
Kf3 Ne5+ 29. Kxf4 Rd2 30. Nd4 Bxd4 31. cxd4 Nd3+ 32. Kg5 Nxf2 33. Nxf2 Rxf2 34.
Rbf1 Rd5+ 35. Kh6 Rxf1 36. Rxf1 Rxd4 37. Rf7+ Kd6 38. Rxa7 Rxh4+ 39. Kg7 c3 40.
Rb7 Kc5 41. a7 Ra4 42. Kxh7 Kxb5 43. Rc7 g5 44. Kg6 g4 45. Kf5 g3 46. Rxc3 Rxa7
47. Rxg3 Ra4 48. Ke5 Kc5 49. Rg8 Rc4 50. Rc8+ Kb4 0-1

[Event "XXV C.to Italiano a squadre A"]
[Site "ITA"]
[Date "1993.??.??"]
[Round "4"]
[White "Abatino, Maurizio"]
[Black "Demetz, Rainer"]
[Result "1-0"]
[WhiteElo "2380"]
[BlackElo "2157"]
[PlyCount "57"]
[EventDate "1993.01.31"]

1. d4 Nf6 2. c4 e6 3. Nc3 Bb4 4. e3 b6 5. Bd3 Bb7 6. f3 c5 7. Nge2 cxd4 8. exd4
O-O 9. O-O d5 10. Bg5 dxc4 11. Bxc4 Be7 12. Qe1 h6 13. Be3 Nd5 14. Nxd5 Bxd5
15. Bxd5 Qxd5 16. Qg3 Kh7 17. Nc3 Qf5 18. Qc7 Qd3 19. Rfe1 Bh4 20. Rad1 Qa6 21.
g3 Bd8 22. Qd6 Kg8 23. d5 Qc8 24. dxe6 Qxe6 25. Bf4 Qc8 26. Qd5 Qc6 27. Bd6 Re8
28. Rxe8+ Qxe8 29. Qxa8 1-0

[Event "XXV C.to Italiano a squadre A"]
[Site "ITA"]
[Date "1993.??.??"]
[Round "4"]
[White "Altini, Daniele"]
[Black "Negrini, Claudio"]
[Result "1/2-1/2"]
[WhiteElo "2255"]
[BlackElo "2108"]
[PlyCount "141"]
[EventDate "1993.01.31"]

1. e4 Nf6 2. e5 Nd5 3. Nc3 Nxc3 4. dxc3 d6 5. Nf3 dxe5 6. Qxd8+ Kxd8 7. Nxe5
Ke8 8. Bc4 e6 9. Bf4 Bd6 10. O-O-O Nd7 11. Nd3 Bxf4+ 12. Nxf4 Nf6 13. Rhe1 Bd7
14. Bd5 Nxd5 15. Nxd5 Rc8 16. f4 Kf8 17. Nb6 axb6 18. Rxd7 Ke8 19. Red1 h5 20.
R1d3 Rh6 21. g3 Rg6 22. h3 Rxg3 23. Rxg3 Kxd7 24. Rxg7 Ke7 25. Rh7 Rg8 26. Rxh5
Rg2 27. c4 Rf2 28. c5 b5 29. Rh4 Kd7 30. Rg4 Kc6 31. b4 Kd5 32. Kb2 Ke4 33. Rg8
Rxf4 34. Rb8 Kd5 35. Kb3 Rf3+ 36. c3 Rxh3 37. Rxb7 Kc6 38. Rb8 Re3 39. Ra8 f5
40. a4 bxa4+ 41. Rxa4 f4 42. Kc4 Re4+ 43. Kd3 Kd5 44. Ra7 Re3+ 45. Kd2 Kc6 46.
c4 e5 47. b5+ Kxc5 48. Rxc7+ Kd4 49. b6 Rb3 50. b7 f3 51. c5 f2 52. Ke2 Rb2+
53. Kf1 Ke3 54. Rf7 Rb1+ 55. Kg2 f1=Q+ 56. Rxf1 Rxb7 57. c6 Rg7+ 58. Kh2 e4 59.
Rc1 Rc7 60. Kg2 Kd2 61. Rc5 e3 62. Rd5+ Ke2 63. Rd6 Rg7+ 64. Kh2 Kf1 65. Rd7
Rg2+ 66. Kh3 Rc2 67. c7 e2 68. Rf7+ Kg1 69. Rg7+ Kf1 70. Rf7+ Ke1 71. Rd7
1/2-1/2

[Event "XXV C.to Italiano a squadre A"]
[Site "ITA"]
[Date "1993.??.??"]
[Round "4"]
[White "Billio, Atto"]
[Black "Pagano, Sergio M."]
[WhiteElo "2155"]
[BlackElo "2110"]
[Result "0-1"]
[PlyCount "67"]
[EventDate "1993.01.31"]

1. Nf3 Nf6 2. c4 g6 3. g3 Bg7 4. Bg2 O-O 5. O-O d6 6. d4 c6 7. h3 Nbd7 8. Qc2
e5 9. dxe5 dxe5 10. e4 Qc7 11. c5 Re8 12. Be3 Nf8 13. Nbd2 Be6 14. b4 h6 15.
Rfd1 Rad8 16. Rac1 g5 17. Nc4 Bxc4 18. Qxc4 Ng6 19. Qc2 g4 20. hxg4 Nxg4 21.
Bd2 h5 22. Bf1 Qe7 23. Bc4 Bf6 24. Qb3 h4 25. Kf1 hxg3 26. fxg3 Rd4 27. Nxd4
exd4 28. Re1 N6e5 29. Kg2 Bg5 30. Bf4 Nxc4 31. Rxc4 Ne3+ 32. Bxe3 Qxe4+ 33. Kf2
Bxe3+ 34. Ke2 0-1

[Event "XXV C.to Italiano a squadre A"]
[Site "ITA"]
[Date "1993.??.??"]
[Round "4"]
[White "Braunberger, Federico"]
[Black "Manca, Federico"]
[Result "0-1"]
[WhiteElo "2028"]
[BlackElo "2365"]
[PlyCount "86"]
[EventDate "1993.01.31"]

1. Nf3 Nf6 2. b3 g6 3. Bb2 Bg7 4. e3 O-O 5. Be2 d6 6. d4 Ne4 7. Nbd2 Nxd2 8.
Qxd2 c5 9. O-O Nc6 10. Rad1 Bf5 11. c4 cxd4 12. exd4 d5 13. cxd5 Qxd5 14. Bc4
Qd6 15. d5 Ne5 16. Nxe5 Bxe5 17. Bxe5 Qxe5 18. Rfe1 Qd6 19. Qe3 Rfe8 20. Rd4
Rad8 21. Qh6 Qf6 22. Red1 Rd6 23. g4 Bd7 24. g5 Qg7 25. Qxg7+ Kxg7 26. a4 Bf5
27. f4 h6 28. gxh6+ Kxh6 29. Kf2 Kg7 30. Ke3 Rh8 31. R4d2 Rh4 32. Rf1 Kf6 33.
Rg1 Rd8 34. Rg3 Rdh8 35. Rgg2 Rh3+ 36. Kd4 R8h4 37. Kc5 Rxf4 38. d6 exd6+ 39.
Rxd6+ Ke7 40. Re2+ Re4 41. Rxe4+ Bxe4 42. Rd4 f5 43. Bb5 Rxh2 0-1

[Event "XXV C.to Italiano a squadre A"]
[Site "ITA"]
[Date "1993.??.??"]
[Round "4"]
[White "Buzzi, Dario"]
[Black "Arigoni, Bruno"]
[WhiteElo "2124"]
[BlackElo "1959"]
[Result "1-0"]
[PlyCount "81"]
[EventDate "1993.01.31"]

1. d4 d5 2. Nc3 Nf6 3. Bg5 e6 4. e4 dxe4 5. Bxf6 Qxf6 6. Nxe4 Qd8 7. Nf3 Be7 8.
Bd3 b6 9. Qe2 Bb7 10. O-O Nd7 11. Rad1 Nf8 12. Ne5 c6 13. Bc4 Ng6 14. Nxf7 Kxf7
15. Ng5+ Ke8 16. Nxe6 Qd6 17. Nxg7+ Kd7 18. Rfe1 Raf8 19. Qg4+ Kc7 20. Ne6+ Kb8
21. Nxf8 Rxf8 22. c3 Qf6 23. Rd2 h5 24. Qe6 Qg5 25. Qe3 Qf6 26. b4 Ka8 27. g3
h4 28. Qe6 Qg5 29. Qe3 Qf6 30. f4 hxg3 31. hxg3 Qg7 32. Rf2 Bd6 33. Kf1 Bc8 34.
Ke2 Ne7 35. Kd2 Nf5 36. Qf3 Kb7 37. Rg2 Nxd4 38. Qe4 Bxf4+ 39. gxf4 Qh6 40.
Qxd4 Rxf4 41. Qg7+ 1-0

[Event "XXV C.to Italiano a squadre A"]
[Site "ITA"]
[Date "1993.??.??"]
[Round "4"]
[White "Cerchiari, Fulvio"]
[Black "Bozzo, Rodolfo"]
[WhiteElo "2124"]
[BlackElo "2100"]
[Result "1/2-1/2"]
[PlyCount "82"]
[EventDate "1993.01.31"]

1. d4 d5 2. Nf3 c5 3. c3 cxd4 4. cxd4 Nc6 5. Nc3 Nf6 6. Bf4 a6 7. e3 Bg4 8. Be2
e6 9. h3 Bxf3 10. Bxf3 Bd6 11. Bxd6 Qxd6 12. O-O O-O 13. Be2 Rac8 14. Bd3 Rc7
15. g4 Rfc8 16. g5 Nd7 17. f4 Na5 18. Qh5 g6 19. Qe2 Nc4 20. Nd1 Qb4 21. Rc1
Ndb6 22. b3 Qd2 23. Qxd2 Nxd2 24. Rxc7 Rxc7 25. Rf2 Ne4 26. Rc2 Rxc2 27. Bxc2
Nd6 28. Bd3 h6 29. h4 h5 30. Nc3 Kf8 31. Kf2 Ke7 32. Ke1 Kd7 33. Ne2 Nbc8 34.
Ng3 Ne7 35. Kd2 a5 36. Kc3 Kc6 37. Kb2 b5 38. Kc3 b4+ 39. Kb2 Nef5 40. Bxf5
Nxf5 41. Nxf5 exf5 1/2-1/2

[Event "XXV C.to Italiano a squadre A"]
[Site "ITA"]
[Date "1993.??.??"]
[Round "4"]
[White "Cordara, Michele"]
[Black "De Sortis, Sergio"]
[Result "0-1"]
[WhiteElo "2210"]
[BlackElo "1900"]
[PlyCount "58"]
[EventDate "1993.01.31"]

1. d4 d5 2. Nf3 Nf6 3. Bf4 e6 4. e3 Be7 5. Nbd2 Nbd7 6. Bd3 O-O 7. h3 c5 8. c3
b6 9. O-O Bb7 10. Qb1 Re8 11. b4 c4 12. Bc2 b5 13. a4 a6 14. axb5 axb5 15. Rxa8
Bxa8 16. Qa2 Qb6 17. Ra1 Bb7 18. Qb1 h6 19. Ne5 Nxe5 20. Bxe5 Nd7 21. Ra5 Nxe5
22. dxe5 f6 23. Nf3 Ra8 24. Bh7+ Kh8 25. Rxa8+ Bxa8 26. Nh4 f5 27. Ng6+ Kxh7
28. Nxe7 Qd8 29. Qa1 Bb7 0-1

[Event "XXV C.to Italiano a squadre A"]
[Site "ITA"]
[Date "1993.??.??"]
[Round "4"]
[White "Colombo, Paolo"]
[Black "Voltolini, Giuseppe"]
[Result "0-1"]
[WhiteElo "2215"]
[BlackElo "2325"]
[PlyCount "35"]
[EventDate "1993.01.31"]

1. d4 d5 2. c4 dxc4 3. Nf3 Nf6 4. Nc3 c5 5. d5 e6 6. e4 exd5 7. exd5 Bd6 8.
Bxc4 O-O 9. O-O Bg4 10. Bg5 Nbd7 11. Be2 h6 12. Bh4 a6 13. a4 Qa5 14. Qc2 Rfe8
15. Rfe1 Qb4 16. Bg3 Bxg3 17. hxg3 Re7 18. a5 {...} 0-1

[Event "XXV C.to Italiano a squadre A"]
[Site "ITA"]
[Date "1993.??.??"]
[Round "4"]
[White "Colombo, Paolo"]
[Black "Voltolini, Giuseppe"]
[Result "0-1"]
[WhiteElo "2215"]
[BlackElo "2325"]
[PlyCount "64"]
[EventDate "1993.01.31"]

1. d4 d5 2. c4 dxc4 3. Nf3 Nf6 4. Nc3 c5 5. d5 e6 6. e4 exd5 7. exd5 Bd6 8.
Bxc4 O-O 9. O-O Bg4 10. Bg5 Nbd7 11. Be2 h6 12. Bh4 a6 13. a4 Qa5 14. Qc2 Rfe8
15. Rfe1 Qb4 16. Bg3 Bxg3 17. hxg3 Re7 18. a5 Bxf3 19. gxf3 c4 20. Ra4 Qc5 21.
Rd1 Rae8 22. Bxc4 b5 23. axb6 Nxb6 24. Bxa6 Nxa4 25. Qxa4 Re1+ 26. Kg2 Rxd1 27.
Qxd1 Rd8 28. Bb7 Qb6 29. Bc6 Qxb2 30. Ne4 Qe5 31. Nxf6+ Qxf6 32. Qd3 Qxc6 0-1

[Event "XXV C.to Italiano a squadre A"]
[Site "ITA"]
[Date "1993.??.??"]
[Round "4"]
[White "Cocozza, Mario"]
[Black "Villa, Flavio"]
[Result "1/2-1/2"]
[WhiteElo "2350"]
[BlackElo "2000"]
[PlyCount "111"]
[EventDate "1993.01.31"]

1. e4 c6 2. d4 d5 3. e5 Bf5 4. Nc3 e6 5. g4 Bg6 6. Nge2 c5 7. h4 f6 8. exf6
gxf6 9. Nf4 Bf7 10. Qe2 Qd7 11. dxc5 e5 12. g5 Nc6 13. Bh3 f5 14. Nh5 O-O-O 15.
Ng3 Be6 16. Qb5 f4 17. Bxe6 Qxe6 18. Nge2 Nge7 19. Na4 Nf5 20. Qd3 Nb4 21. Qb3
Na6 22. Bd2 Qc6 23. Qh3 Qe6 24. O-O-O Kb8 25. Rhe1 Qf7 26. c6 bxc6 27. Qc3 Bg7
28. Qxc6 Rd6 29. Qb5+ Ka8 30. Kb1 Rb8 31. Qa5 Nxh4 32. Nec3 Nf3 33. Nb5 Rc6 34.
Re2 Rxb5 35. Qxb5 Nd4 36. Qd3 e4 37. Rxe4 dxe4 38. Qxe4 Qf5 39. Qxf5 Nxf5 40.
Bxf4 Rc4 41. Bc1 Rxa4 42. Rd5 Ne7 43. Rd7 Re4 44. Be3 Nc5 45. Rd8+ Kb7 46. c3
Nc6 47. Rd5 Ne6 48. Kc2 Kc7 49. Rf5 a6 50. Kd3 Ra4 51. Rf7+ Kd6 52. f4 Rxa2 53.
b4 Ra3 54. Bc5+ Nxc5+ 55. bxc5+ Kxc5 56. Rxg7 1/2-1/2

[Event "XXV C.to Italiano a squadre A"]
[Site "ITA"]
[Date "1993.??.??"]
[Round "4"]
[White "Diana, Riccardo"]
[Black "Malfagia, Andrea"]
[Result "0-1"]
[WhiteElo "2100"]
[BlackElo "2315"]
[PlyCount "54"]
[EventDate "1993.01.31"]

1. e4 e6 2. d3 d5 3. Nd2 Nf6 4. Ngf3 c5 5. g3 Nc6 6. Bg2 g6 7. O-O Bg7 8. exd5
Nxd5 9. Re1 O-O 10. Nc4 Qc7 11. Qe2 b6 12. Bd2 Bb7 13. c3 Rac8 14. Ng5 Rfd8 15.
Nxe6 fxe6 16. Qxe6+ Qf7 17. Nd6 Qxe6 18. Rxe6 Nc7 19. Bxc6 Nxe6 20. Nxc8 Bxc8
21. Bb5 Bb7 22. Re1 Kf7 23. Re3 Ng5 24. Kf1 Nf3 25. Bc4+ Kf8 26. Bc1 Nxh2+ 27.
Ke2 Ng4 0-1

[Event "XXV C.to Italiano a squadre A"]
[Site "ITA"]
[Date "1993.??.??"]
[Round "4"]
[White "Di Donna, Massimo"]
[Black "Mariotti, Sergio"]
[Result "0-1"]
[WhiteElo "2255"]
[BlackElo "2425"]
[PlyCount "102"]
[EventDate "1993.01.31"]

1. c4 e5 2. Nc3 Nf6 3. Nf3 d6 4. d4 Nbd7 5. Bg5 c6 6. e4 Be7 7. Be2 O-O 8. O-O
Re8 9. Re1 h6 10. Bh4 a6 11. Bg3 Nh5 12. dxe5 Nxg3 13. hxg3 dxe5 14. Qd2 Qc7
15. Rad1 Nf8 16. a3 Bg4 17. Nh2 Rad8 18. Qc2 Bc8 19. Bg4 Ne6 20. Ne2 a5 21. Nf3
Bc5 22. Rxd8 Rxd8 23. Rd1 Nd4 24. Nexd4 Bxg4 25. Nb3 Rxd1+ 26. Qxd1 Ba7 27. Qd2
a4 28. Qa5 Qb6 29. Qxb6 Bxb6 30. Nxe5 axb3 31. Nxg4 Bd4 32. Kf1 Bxb2 33. Ke2
Bxa3 34. Kd3 Bb4 35. Ne3 Kf8 36. Nf5 h5 37. f3 Bc5 38. g4 hxg4 39. fxg4 g6 40.
Nh4 Bd4 41. Nf3 c5 42. Nd2 b2 43. Kc2 Ke7 44. Nf3 Kd6 45. Kb1 Kc6 46. Ng5 f6
47. Nf3 g5 48. Ne1 b5 49. Nd3 bxc4 50. Nxb2 Kb5 51. Nd1 c3 0-1

[Event "XXV C.to Italiano a squadre A"]
[Site "ITA"]
[Date "1993.??.??"]
[Round "4"]
[White "Gaggiottini, Manfredo"]
[Black "Martin, Tiziano"]
[Result "1-0"]
[WhiteElo "2078"]
[BlackElo "1957"]
[PlyCount "33"]
[EventDate "1993.01.31"]

1. e4 e5 2. Nf3 d6 3. d4 Nf6 4. Nc3 Nbd7 5. Bc4 Be7 6. Qe2 O-O 7. a4 c6 8. dxe5
Nxe5 9. Nxe5 dxe5 10. Bd2 Qb6 11. O-O Bg4 12. Qe3 Bc5 13. Qg3 Bh5 14. Bg5 Bg6
15. Bxf6 gxf6 16. h4 h5 17. Qxg6+ 1-0

[Event "XXV C.to Italiano a squadre A"]
[Site "ITA"]
[Date "1993.??.??"]
[Round "4"]
[White "Godena, Michele"]
[Black "Iudicello, Giovanni"]
[Result "1-0"]
[WhiteElo "2485"]
[BlackElo "2118"]
[PlyCount "83"]
[EventDate "1993.01.31"]

1. e4 e5 2. Nf3 Nc6 3. Bb5 a6 4. Ba4 Nf6 5. O-O Be7 6. Re1 b5 7. Bb3 O-O 8. d4
d6 9. c3 Bg4 10. d5 Na5 11. Bc2 c6 12. h3 Bc8 13. dxc6 Nxc6 14. Nbd2 b4 15. c4
Be6 16. b3 a5 17. Nf1 Nd7 18. Ne3 Re8 19. Nf5 Bxf5 20. exf5 Qc7 21. g4 Nc5 22.
Be3 h6 23. Qd5 Nd7 24. Rad1 Nf6 25. Qd2 e4 26. Nh2 Ne5 27. Bf4 Bf8 28. Qd4 Nc6
29. Qe3 Rad8 30. h4 Ne5 31. g5 hxg5 32. hxg5 Neg4 33. Nxg4 Nxg4 34. Qg3 Ne5 35.
Bxe4 g6 36. Bd5 Kg7 37. f6+ Kg8 38. Kg2 Nd3 39. Qxd3 Rxe1 40. Qxg6+ Kh8 41.
Qh5+ Kg8 42. Rxe1 1-0

[Event "XXV C.to Italiano a squadre A"]
[Site "ITA"]
[Date "1993.??.??"]
[Round "4"]
[White "Guido, Flavio"]
[Black "Luciani, Carlo"]
[Result "1-0"]
[WhiteElo "2245"]
[BlackElo "2265"]
[PlyCount "105"]
[EventDate "1993.01.31"]

1. e4 e5 2. Nf3 Nc6 3. d4 exd4 4. Bc4 Bc5 5. c3 Nf6 6. e5 d5 7. Bb3 Ne4 8. cxd4
Bb4+ 9. Bd2 Nxd2 10. Nbxd2 Bg4 11. Ba4 O-O 12. Bxc6 bxc6 13. Qa4 Rb8 14. O-O
Bxd2 15. Nxd2 Rxb2 16. Nb3 Qg5 17. Qxc6 Bf3 18. g3 Qg4 19. Qc3 Rc2 20. Qe3 Re2
21. Qf4 Qh5 22. Rfe1 Rb8 23. Rxe2 Bxe2 24. Re1 Rb6 25. h4 h6 26. Kg2 Bc4 27.
Nc5 Bxa2 28. e6 fxe6 29. Qxc7 Qf7 30. Qc8+ Qf8 31. Qxf8+ Kxf8 32. Nd7+ Ke7 33.
Nxb6 axb6 34. Ra1 Bc4 35. Ra7+ Kf6 36. f4 h5 37. Kf3 b5 38. Rb7 g6 39. Ke3 Bf1
40. Rb8 Bc4 41. Kf3 Bd3 42. Rb7 Bc4 43. f5 gxf5 44. Ke3 Bf1 45. Rh7 Kg6 46. Rh8
Bc4 47. Kf4 Be2 48. Ke5 Bg4 49. Rb8 f4 50. gxf4 Bf5 51. Rxb5 Bg4 52. Rb7 Bh3
53. Re7 1-0

[Event "XXV C.to Italiano a squadre A"]
[Site "ITA"]
[Date "1993.??.??"]
[Round "4"]
[White "Iudicello, Marco"]
[Black "Micheli, Carlo"]
[Result "0-1"]
[WhiteElo "1995"]
[BlackElo "2300"]
[PlyCount "92"]
[EventDate "1993.01.31"]

1. e4 d6 2. Nc3 g6 3. d3 Bg7 4. Be3 c6 5. Qd2 d5 6. d4 dxe4 7. Nxe4 Nd7 8. Bc4
Nb6 9. Bb3 a5 10. a3 a4 11. Ba2 Nd5 12. Ne2 Nxe3 13. Qxe3 Nh6 14. c3 O-O 15.
O-O Qb6 16. N2g3 e5 17. d5 Qxe3 18. fxe3 cxd5 19. Bxd5 Ra6 20. Rae1 Kh8 21. c4
f5 22. Nc3 e4 23. h3 Bf6 24. Re2 Kg7 25. Ref2 Nf7 26. Nge2 Ne5 27. Nf4 Be7 28.
Nb5 Bc5 29. Nd4 Re8 30. Rd2 Rb6 31. Rc1 g5 32. Nfe2 Nd3 33. Rcc2 f4 34. Bxe4
Ne1 35. Rc1 Rxe4 36. Rxe1 Rxe3 37. Red1 Rf6 38. Kh2 g4 39. Nc3 Rh6 40. Nd5 Re4
41. b4 axb3 42. Nxb3 g3+ 43. Kh1 Bf2 44. Nd4 Bg4 45. Nc3 Rxd4 46. Rxd4 Rxh3+
0-1

[Event "XXV C.to Italiano a squadre A"]
[Site "ITA"]
[Date "1993.??.??"]
[Round "4"]
[White "Lantini, Marco"]
[Black "Paulmichl, Martin"]
[Result "1-0"]
[WhiteElo "2195"]
[BlackElo "1956"]
[PlyCount "93"]
[EventDate "1993.01.31"]

1. d4 Nf6 2. Nf3 d5 3. c4 g6 4. Nc3 Bg7 5. Bg5 Ne4 6. cxd5 Nxg5 7. Nxg5 e6 8.
Nf3 exd5 9. e3 O-O 10. b4 a5 11. b5 c5 12. bxc6 bxc6 13. Be2 c5 14. Rb1 Nc6 15.
Qa4 cxd4 16. exd4 Bf5 17. Rb2 Nb4 18. O-O Rc8 19. Nb5 Bc2 20. Qa3 Re8 21. Na7
Bf8 22. Nxc8 Rxe2 23. Qc3 Re8 24. Na7 Qe7 25. a3 Be4 26. axb4 Qxa7 27. bxa5
Bxf3 28. Qxf3 Qxa5 29. Rb7 Re7 30. Rxe7 Bxe7 31. g3 Kg7 32. Rb1 Bf6 33. Rb7
Qa1+ 34. Kg2 Qxd4 35. Rd7 Qe4 36. Rxd5 Qxf3+ 37. Kxf3 h5 38. Ke4 Be7 39. f4 f5+
40. Ke5 Bf6+ 41. Ke6 Bc3 42. Rb5 Bd4 43. h3 Bc3 44. g4 fxg4 45. hxg4 hxg4 46.
Rg5 Kh7 47. Kf7 1-0